| 000 | 01129cam a2200217 4500 | ||
|---|---|---|---|
| 001 | ABS66104 | ||
| 008 | 021104n2002 000 0 eng u | ||
| 035 | _a(Sirsi) u120353 | ||
| 100 | _aWilliams, P. | ||
| 245 | _aMaintain a common standard | ||
| 260 | _c2002 | ||
| 490 |
_aEstates Gazette _v(0239) 28 September 2002, 143(1) |
||
| 520 | _aExamines the Commercial Property Standard Enquiries (CPSEs), drafted by the London Property Support Lawyers Group and launched in September. CPSEs aim to speed up conveyancing transactions and improve the process for lawyers and clients. Outlines the benefits of standardising documents and the drafting criteria that were used. The CPSEs and their guidance notes are available on the property section of the Practical Law Company (PLC) website at www.practicallaw.com/property and can be reproduced free of charge provided that they are not amended. | ||
| 590 | _aABS | ||
| 650 | _aCONVEYANCING | ||
| 650 | _aCOMMERCIAL PROPERTY STANDARD ENQUIRIES | ||
| 650 | _aPROPERTY TRANSACTIONS | ||
| 650 | _aHOUSE BUYERS | ||
| 690 | _aPROPERTY AND LAND LAW-CONVEYANCING | ||
| 942 | _n0 | ||
| 999 |
_c71510 _d71510 |
||